Sherlock Holmes y Charles S. Peirce: el método de la investigación
Guardat en:
| Autors principals: | , |
|---|---|
| Format: | Llibre |
| Idioma: | espanyol |
| Publicat: |
Barcelona
Paidós
1987
|
| Col·lecció: | Paidos Comunicación, 30
|
| Matèries: | |
| Etiquetes: |
Afegir etiqueta
Sense etiquetes, Sigues el primer a etiquetar aquest registre!
|
MARC
| LEADER | 00000nam a2200000 a 4500 | ||
|---|---|---|---|
| 001 | UCV7676 | ||
| 003 | CL-VaPUC | ||
| 008 | 890531e19870000SP |||||||||||||||||spa|d | ||
| 082 | 0 | 4 | |a 302.2 |b SEB |2 21 |
| 100 | 0 | |a Sebeok, Thomas A |e author |9 301810 | |
| 700 | 0 | |a Umiker-Sebeok, Jean |e author |9 301811 | |
| 245 | 1 | 0 | |a Sherlock Holmes y Charles S. Peirce: el método de la investigación |
| 300 | |a 100 p | ||
| 942 | |c BK | ||
| 945 | |d 19890531 00:00:00 | ||
| 260 | |a Barcelona |b Paidós |c 1987 | ||
| 600 | 0 | 7 | |a HOLMES, SHERLOCK |2 CL-VaPUC |9 265344 |
| 600 | 0 | 7 | |a PEIRCE, CHARLES SANDERS |2 CL-VaPUC |9 265345 |
| 650 | 0 | |a Semiótica |9 265317 | |
| 650 | 0 | |a Métodos de investigación |9 262618 | |
| 650 | 0 | |a Investigación criminal |9 265346 | |
| 650 | 7 | |a DETECTIVES |2 CL-VaPUC |9 265347 | |
| 583 | |a last modification |c 20141114 05:07:42 |k Rodrigo Vera | ||
| 490 | 0 | |a Paidos Comunicación, 30 | |
| 999 | |c 213319 |d 213317 | ||
| 952 | |0 0 |1 0 |4 0 |6 302_200000000000000_SEB_1987 |7 0 |8 P |9 195588 |a BIBARQ |b BIBARQ |d 2019-11-14 |i 2636123 |o 302.2 SEB 1987 |p 2636123 |r 2025-01-20 |w 2019-11-14 |y BK |k ARQ | ||